00631nam a2200193Ia 4500003000900000008004100009040001600050080001200066100002600078245014400104260003400248300001400282500001900296650001400315650004100329650001700370700002500387700002500412IN-BaIIA211028s9999 xx 000 0 eng d cIIA Library a52bRUS aRussell, Henry Norris 0aAstronomyba revision of Young's Manual of astronomy, I the solar systemcHenry Norris Russell, Raymond Smith Dugan and John Quincy Stewart aBostonbGinn Publishersc1926 axi, 470p. aIncludes index aAstronomy aAstronomy and Astrophysics Thesaurus aSolar System aDugan, Raymond Smith aStewart, John Quincy